Library Banner

Islam = اسلام : (Record no. 14489)

MARC details
000 -LEADER
fixed length control field 00573nam a2200169Ia 4500
001 - CONTROL NUMBER
control field 13844
005 - DATE AND TIME OF LATEST TRANSACTION
control field 20170328092925.0
008 - FIXED-LENGTH DATA ELEMENTS--GENERAL INFORMATION
fixed length control field 140402s9999 xx 000 0 und d
040 ## - CATALOGING SOURCE
Transcribing agency PK-LaUMT
082 ## - DEWEY DECIMAL CLASSIFICATION NUMBER
Classification number ZIAC 297
Item number MUH-I
100 ## - MAIN ENTRY--PERSONAL NAME
Personal name Muhammad Zaheer ud Din Bhatti = محمد ظہیر الدین بھٹی
245 ## - TITLE STATEMENT
Title Islam = اسلام :
Remainder of title dastoor-e-Hayat = دستور حیات /
Statement of responsibility, etc Muhammad Zaheer ud Din Bhatti = محمد ظہیر الدین بھٹی
260 ## - PUBLICATION, DISTRIBUTION, ETC. (IMPRINT)
Place of publication, distribution, etc Lahore,Pakistan:
Name of publisher, distributor, etc Islamic Publications,
Date of publication, distribution, etc 1995
300 ## - PHYSICAL DESCRIPTION
Extent 357 p.
546 ## - LANGUAGE NOTE
Language note EN
942 ## - ADDED ENTRY ELEMENTS (KOHA)
Koha item type Books
Holdings
Withdrawn status Lost status Damaged status Home library Current library Date acquired Full call number Barcode Date last seen Price effective from Koha item type
      UMT Main Campus UMT Main Campus 2014-04-02 297 MUH-I 16042 2016-05-07 2014-04-21 Books
      UMT Main Campus UMT Main Campus 2017-03-16 ZIAC 297 MUH-I 106602 2017-03-16 2017-03-16 Books